Guías de promoción de la salud y prevención de las enfermedades en la salud pública tomos I y II (Registro nro. 66344)

Detalles MARC
000 -ENCABEZADO
Número de control [NR] 00974nam a2200217Ia 4500
008 - DE LONGITUD FIJA DE DATOS DE ELEMENTOS - INFORMACIÓN GENERAL
Elementos de longitud fija [NR] 130821s ck gs spa
040 ## - FUENTE DE CATALOGACION [NR]
Agencia de catalogación original [NR] Co-BoUCM
Idioma de catalogación [NR] spa
041 00 - CODIGO DE IDIOMA [R]
Código de idioma para texto/pista de sonido o título separado [R] Español
092 ## - SIGNATURA TOPOGRAFICA LOCAL
Número de clasificación local CDM 0201
110 1# - ASIENTO PRINCIPAL--NOMBRE CORPORATIVO [NR]
Nombre corporativo o de jurisdicción como elemento de entrada [NR] Colombia.
Unidad subordinada [R] Ministerio de la Protección Social.
-- Programa de Apoyo a la Reforma de Salud. PARS
245 10 - MENCION DE TITULO [NR]
Título [NR] Guías de promoción de la salud y prevención de las enfermedades en la salud pública tomos I y II
Mención de responsabilidad, etc. [NR] [CD-ROM]
-- Programa de Apoyo a la Reforma de Salud
260 ## - PUBLICACION, DISTRIBUCION, ETC. (PIE DE IMPRENTA) [R]
Lugar de publicación, distribución, etc. [R] Bogotá (Colombia)
Nombre del editor, distribuidor, etc. [R] PARS
Fecha de publicación, distribución, etc. [R] 2007
300 ## - DESCRIPCION FISICA [R]
Extensión [R] 1 CD-ROM
490 #0 - MENCION DE SERIE [R]
Mención de serie [R] Colección Publicaciones PARS
650 04 - ASIENTO SECUNDARIO DE MATERIA - TERMINO TEMATICO [R]
Término temático o nombre geográfico como elemento de entrada [NR] Programas de salud
Subdivisión geográfica [R] Colombia
Subdivisión de forma [R] CD-ROM
9 (RLIN) 22527
650 04 - ASIENTO SECUNDARIO DE MATERIA - TERMINO TEMATICO [R]
Término temático o nombre geográfico como elemento de entrada [NR] Promoción de la salud
Subdivisión geográfica [R] Colombia
Subdivisión de forma [R] Guías
-- CD-ROM
9 (RLIN) 22556
650 04 - ASIENTO SECUNDARIO DE MATERIA - TERMINO TEMATICO [R]
Término temático o nombre geográfico como elemento de entrada [NR] Salud pública
9 (RLIN) 8073
650 04 - ASIENTO SECUNDARIO DE MATERIA - TERMINO TEMATICO [R]
Término temático o nombre geográfico como elemento de entrada [NR] Salud pública
Subdivisión geográfica [R] Colombia
Subdivisión de forma [R] Guías
-- CD-ROM
9 (RLIN) 8073
710 2# - ASIENTO SECUNDARIO - NOMBRE CORPORATIVO [R]
Nombre corporativo o de jurisdicción como elemento de entrada [NR] Universidad Nacional de Colombia.
Unidad subordinada [R] Instituto de Salud Pública.
-- Instituto de Investigaciones Clínicas
942 ## - ELEMENTOS DE ENTRADA AGREGADOS (KOHA)
Tipo de ítem principal el descrito en 300a Multimedia
Sistema de clasificación LOCAL
Tema principal Ciencias de la salud
Edición 1
Existencias
Fecha de último préstamo Total préstamos Signatura topográfica Código de barras Última vez visto Ejemplar Price effective from Tipo de ítem Perdido Sistema de clasificación Dañado No prestable Tipo de ítem específico Suprimido Ubicación habitual Ubicación actual Localización Fecha de creación Forma de adquisición Costo
11/08/2011 3 CDM 0201 200019807 12/12/2025 Ej.1 03/02/2013 Multimedia   LOCAL     CD-Rom   Quinta de Mutis Quinta de Mutis Colección digital 28/02/2010 Donación 26000.00
11/08/2011 1 CDM 0201 200019808 12/12/2025 Ej.2 03/02/2013 Multimedia   LOCAL     CD-Rom   Quinta de Mutis Quinta de Mutis Colección digital 28/02/2010 Donación 26000.00